Statistics for Most Populous Counties in Each State

Click here to take the quiz!

General Stats

  • This quiz has been taken 27 times
  • The average score is 42 of 150

Answer Stats

StatePopulationCounty% Correct
LA428,320Jefferson
73%
AL656,005Jefferson
73%
KY762,725Jefferson
73%
CA9,934,710Los Angeles
73%
TX4,813,160Harris
64%
MO709,692Jackson
64%
SD68,127Lincoln
64%
AL390,624Madison
64%
NY1,627,660New York
64%
RI124,017Washington
64%
VT59,399Washington
64%
OR615,656Washington
64%
AR246,915Washington
64%
ID520,056Ada
55%
SC426,958Charleston
55%
TX2,654,010Dallas
55%
OH1,343,930Franklin
55%
CT889,140Hartford
55%
HI958,678Honolulu
55%
WA2,326,040King
55%
MD1,057,320Montgomery
55%
PA842,888Montgomery
55%
CA3,174,740Orange
55%
PA1,585,480Philadelphia
55%
VA482,635Prince William
55%
MI1,734,010Wayne
55%
MD825,903Baltimore
45%
CO760,049Denver
45%
VA1,144,740Fairfax
45%
NY2,505,390Kings
45%
HI168,752Maui
45%
OK817,957Oklahoma
45%
MD908,451Prince George's
45%
NY2,191,620Queens
45%
CA3,351,740San Diego
45%
DE248,733Sussex
45%
OK663,159Tulsa
45%
PA1,212,340Allegheny
36%
AK280,437Anchorage
36%
FL1,972,790Broward
36%
NV2,388,520Clark
36%
IL5,085,050Cook
36%
GA772,470DeKalb
36%
CT941,415Fairfield
36%
GA1,105,360Fulton
36%
RI165,009Kent
36%
DE187,524Kent
36%
FL2,723,200Miami-Dade
36%
WI941,997Milwaukee
36%
AL411,116Mobile
36%
CT848,115New Haven
36%
RI644,865Providence
36%
UT1,195,670Salt Lake
36%
NM152,149Santa Fe
36%
MO991,163St. Louis
36%
NC1,173,220Wake
36%
IN391,959Allen
27%
OK292,558Cleveland
27%
OH1,215,130Cuyahoga
27%
UT368,621Davis
27%
NE586,135Douglas
27%
LA434,062East Baton Rouge
27%
KY325,330Fayette
27%
GA962,989Gwinnett
27%
OH823,557Hamilton
27%
MS213,468Harrison
27%
HI201,525Hawaii
27%
KS615,223Johnson
27%
TN482,478Knox
27%
WY101,405Laramie
27%
AZ4,734,450Maricopa
27%
NC1,160,170Mecklenburg
27%
MA1,621,390Middlesex
27%
NJ821,732Middlesex
27%
DE562,362New Castle
27%
LA387,564Orleans
27%
FL1,538,450Palm Beach
27%
WA938,652Pierce
27%
IA503,145Polk
27%
TN939,569Shelby
27%
MA806,187Suffolk
27%
TX2,165,720Tarrant
27%
VA450,349Virginia Beach
27%
MA835,326Worcester
27%
CO670,969Arapahoe
18%
NJ930,360Bergen
18%
NM682,382Bernalillo
18%
OR426,500Clackamas
18%
TN705,028Davidson
18%
CO745,345El Paso
18%
NJ800,190Essex
18%
AK91,701Fairbanks North Star
18%
SC550,305Greenville
18%
MN1,289,600Hennepin
18%
NH424,210Hillsborough
18%
MS219,888Hinds
18%
WV171,266Kanawha
18%
IN488,652Lake
18%
NE326,779Lancaster
18%
MI877,503Macomb
18%
IN982,228Marion
18%
OR824,204Multnomah
18%
MI1,260,250Oakland
18%
AZ1,079,450Pima
18%
AZ510,739Pinal
18%
VT56,976Rutland
18%
UT680,380Utah
18%
NV493,014Washoe
18%
WI409,226Waukesha
18%
IL689,525Will
18%
MT165,113Yellowstone
18%
AR299,766Benton
9%
ID249,688Canyon
9%
ND186,810Cass
9%
VT164,383Chittenden
9%
ME298,993Cumberland
9%
MN440,964Dakota
9%
WI560,936Dane
9%
MS193,984DeSoto
9%
NM220,946Dona Ana
9%
IL909,943DuPage
9%
MT122,690Gallatin
9%
NC550,875Guilford
9%
NV62,601Lyon
9%
AK111,923Matanuska-Susitna
9%
MT122,480Missoula
9%
AR391,890Pulaski
9%
MN554,668Ramsey
9%
SC420,430Richland
9%
NH314,215Rockingham
9%
NE196,598Sarpy
9%
IA173,363Scott
9%
KS523,716Sedgwick
9%
WA849,155Snohomish
9%
MO411,748St. Charles
9%
ME212,957York
9%
WV124,976Berkeley
0%
ND96,676Burleigh
0%
WY46,467Campbell
0%
KY169,116Kenton
0%
ID179,161Kootenai
0%
IA229,535Linn
0%
NH153,614Merrimack
0%
SD199,560Minnehaha
0%
WV105,495Monongalia
0%
WY81,907Natrona
0%
SD119,250Pennington
0%
ME153,141Penobscot
0%
KS175,630Shawnee
0%
ND67,425Ward
0%

Score Distribution

Percentile by Number Answered

Percent of People with Each Score

Your Score History

You have not taken this quiz